000 00762cam a22002531 4500
001 sa 67003426
003 DLC
005 20260227112338.0
008 720201s1963 ii ab b 000 0 eng
010 _asa 67003426
025 _aPL480-I-E-5164
035 _a(OCoLC)231169
040 _aDLC
_cOKentU
_dOCoLC
_dDLC
042 _apremarc
050 0 0 _aDS422.C3
_bH8 1963
082 _a301.440954
100 1 _aHutton, J. H.
_q(John Henry),
_d1885-1968.
245 1 0 _aCaste in India,
_bits nature, function and origins
_c[by] J.H. Hutton.
250 _a4th ed.
260 _a[Bombay]
_bIndian Branch, Oxford University Press,
_c1963.
300 _axvi, 324 p.
_billus., fold maps.
_c25 cm.
504 _aBibliography: p. [263]-275.
650 0 _aCaste
_zIndia.
999 _c73838
_d73838